Guess the Taylor Swift song with no hint 100 - Statistics

General Stats
  • This quiz has been taken 1,182 times
  • The average score is 237 of 298
Answer Stats
Answer % Correct
I
99%
a
98%
the
96%
The
96%
you
96%
You
96%
and
94%
And
94%
it
94%
me
94%
be
93%
on
93%
in
92%
to
92%
your
92%
he
90%
my
90%
My
90%
no
90%
So
90%
of
89%
we're
89%
were
89%
by
88%
You're
88%
can
87%
have
87%
is
87%
as
86%
this
86%
what
86%
who
86%
been
85%
for
85%
It's
85%
it's
85%
there
85%
they
85%
From
84%
from
84%
know
84%
not
84%
All
83%
always
83%
don't
83%
kid
83%
own
83%
say
83%
that
83%
Like
82%
with
81%
hear
80%
away
79%
can't
79%
friends
79%
just
79%
Just
79%
make
78%
see
78%
take
78%
Take
78%
could
77%
if
77%
one
77%
got
76%
I'd
76%
'Cause
74%
face
74%
home
74%
never
74%
stay
74%
ashes
73%
best
73%
body
73%
friendship
73%
I'll
73%
out
73%
Something
73%
something
73%
Yeah
73%
blood
72%
bracelets
72%
fireplace
72%
moment
72%
party
72%
saw
72%
them
72%
took
72%
You've
72%
around
71%
kiss
71%
reason
71%
went
71%
afraid
70%
didn't
70%
dream
70%
gave
70%
He's
70%
splashes
70%
days
69%
jokes
69%
money
69%
perfect
69%
starved
69%
Summer
69%
tears
69%
voice
69%
weren't
69%
funny
68%
looked
68%
sweat
68%
burned
67%
Everything
67%
saved
67%
sprinkler
67%
step
67%
Still
67%
taste
67%
boys
66%
gown
66%
loves
66%
parties
66%
play
66%
soaked
66%
bridges
65%
getting
65%
hosted
65%
There's
65%
wait
65%
arent
64%
gonna
64%
long
64%
lose
64%
May
64%
okay
64%
pages
64%
town
64%
turned
64%
cared
63%
Daisy
63%
dreams
63%
smoking
63%
better
62%
cool
62%
learn
62%
notice
61%
bodies
60%
run
60%
great
59%
phone
59%
rare
59%
room
59%
touch
59%
choose
58%
escape
58%
lot
57%
parking
57%
Anyway
56%
different
56%
search
56%
taxi
56%
yearning
55%
patiently
54%
picked
54%
waited
54%
ages
53%
petals
53%
songs
53%
stays
53%
called
51%
bloomed
50%
Writing
47%
No matching quizzes found
Score Distribution
Percent of People with Each Score
Percentile by Number Answered
Your Score History
You have not taken this quiz